[Event "36 Open Internacional Ciudad de San Seba"]
[Site "Donostia-San Sebastian"]
[Date "2013.03.24"]
[Round "2"]
[White "Lazkano Gaite, Tomas"]
[Black "Gonzalez Pereira, Asier"]
[Result "0-1"]
[WhiteElo "1697"]
[BlackElo "2053"]
[PlyCount "50"]
[EventDate "2013.03.23"]
[EventRounds "9"]
[EventCountry "ESP"]

1. d4 c5 2. e4 cxd4 3. Nf3 d6 4. Nxd4 Nf6 5. Nc3 a6 6. Be2 e5 7. Nf5 d5 8. g4
d4 9. g5 Ng8 10. Bc4 g6 11. Nh6 Bxh6 12. gxh6 Qa5 13. Qf3 Be6 14. Bxe6 fxe6 15.
Bg5 dxc3 16. O-O-O Nc6 17. bxc3 Qa3+ 18. Kd2 Nge7 19. Ke1 Rf8 20. Qd3 Rd8 21.
Qc4 Rxd1+ 22. Kxd1 b5 23. Qxe6 Qxc3 24. Rf1 Qxc2+ 25. Kxc2 Nd4+ 0-1

[Event "36 Open Internacional Ciudad de San Seba"]
[Site "Donostia-San Sebastian"]
[Date "2013.03.24"]
[Round "2"]
[White "Ferreruela Romero, Jose Joaqui"]
[Black "Sanchez Ruesga, Carlos"]
[Result "1-0"]
[WhiteElo "2022"]
[BlackElo "1608"]
[PlyCount "91"]
[EventDate "2013.03.23"]
[EventRounds "9"]
[EventCountry "ESP"]

1. d4 d5 2. c4 c6 3. Nf3 Nf6 4. Nc3 e6 5. Bg5 Be7 6. e3 h6 7. Bh4 Nbd7 8. Bd3
b6 9. O-O O-O 10. Qe2 Bb7 11. Rad1 Ne4 12. Bxe7 Nxc3 13. bxc3 Qxe7 14. e4 dxe4
15. Bxe4 Nf6 16. Rfe1 Rfe8 17. Bc2 Qc7 18. Ba4 a6 19. Ne5 b5 20. Bc2 Rac8 21.
c5 Qa5 22. Rd3 Qxa2 23. Rf3 Qd5 24. Qd3 Kf8 25. Nxf7 Kxf7 26. Qg6+ Ke7 27.
Qxg7+ Kd8 28. Rxf6 Rc7 29. Qxh6 Rce7 30. Rf8 Qc4 31. Rxe8+ Rxe8 32. Qf6+ Re7
33. g3 Bc8 34. Qf3 Kc7 35. Qd3 Qa2 36. Qd1 Qc4 37. Qa1 Bb7 38. Qa5+ Kd7 39. Qb4
Qd5 40. Be4 Qa2 41. Qb1 Qd2 42. Qc1 Qa2 43. Bg2 Rf7 44. Qe3 Qc4 45. d5 Re7 46.
dxe6+ 1-0

[Event "36 Open Internacional Ciudad de San Seba"]
[Site "Donostia-San Sebastian"]
[Date "2013.03.24"]
[Round "2"]
[White "Oliveira, Maria Alice Ramos Ma"]
[Black "Oliveira, Maria Ines"]
[Result "0-1"]
[WhiteElo "1430"]
[BlackElo "1957"]
[PlyCount "108"]
[EventDate "2013.03.23"]
[EventRounds "9"]
[EventCountry "ESP"]

1. e4 c5 2. Nf3 e6 3. d4 cxd4 4. Nxd4 Nc6 5. Nc3 Qc7 6. Be3 Nf6 7. Be2 Be7 8.
O-O O-O 9. Kh1 d6 10. f4 Nxd4 11. Bxd4 e5 12. Be3 Bd7 13. Bf3 Bc6 14. Qe1 exf4
15. Bxf4 Nd7 16. Qg3 Ne5 17. Rad1 Rad8 18. Rg1 b5 19. Qf2 Bf6 20. Nd5 Bxd5 21.
Rxd5 Ng6 22. Bg5 Bxg5 23. Rxg5 a6 24. Rd5 Ne5 25. Rgd1 Rfe8 26. c3 Re6 27. Qe2
h6 28. Bg4 Nxg4 29. Qxg4 Qc4 30. R5d4 Qxa2 31. R4d2 Rde8 32. Re2 d5 33. Rde1
Rxe4 34. Rxe4 dxe4 35. h3 Qxb2 36. Kh2 Qxc3 37. Rxe4 Rxe4 38. Qxe4 Qc8 39. Qd4
Qb8+ 40. Kh1 b4 41. Qe4 b3 42. Qe1 b2 43. Qb1 Qb3 44. Kh2 a5 45. h4 a4 46. g4
a3 47. g5 a2 48. Qe1 Qb8+ 49. Kh3 b1=Q 50. Qe3 a1=Q 51. gxh6 Qf5+ 52. Kg2 Qa2+
53. Kg1 Qbb1+ 54. Qe1 Qxe1# 0-1

[Event "36 Open Internacional Ciudad de San Seba"]
[Site "Donostia-San Sebastian"]
[Date "2013.03.24"]
[Round "3"]
[White "Vazquez Igarza, Renier"]
[Black "Favarel, Antoine"]
[Result "1-0"]
[WhiteElo "2557"]
[BlackElo "2350"]
[PlyCount "113"]
[EventDate "2013.03.23"]
[EventRounds "9"]
[EventCountry "ESP"]

1. d4 Nf6 2. c4 e6 3. Nc3 Bb4 4. Qc2 d5 5. a3 Bxc3+ 6. Qxc3 O-O 7. Nf3 dxc4 8.
Qxc4 b6 9. Bg5 Ba6 10. Qa4 Qe8 11. Qxe8 Rxe8 12. Rc1 Nbd7 13. Bxf6 Nxf6 14. e3
Bxf1 15. Rxf1 Rec8 16. Rc6 Nd5 17. Ke2 Ne7 18. Rc2 f6 19. g4 Kf7 20. Rg1 h6 21.
h4 Ke8 22. g5 hxg5 23. hxg5 Kd7 24. Nd2 Rg8 25. Ne4 f5 26. Nd2 Ng6 27. Nf3 c6
28. Rd1 Rac8 29. b4 Rc7 30. a4 Rh8 31. Ra2 Rh5 32. a5 b5 33. Rc2 Rh8 34. Rc5
Kd6 35. Rdc1 Rhc8 36. Rh1 Rh8 37. Rd1 Rd8 38. Rdc1 Rdc8 39. Ne5 Nxe5 40. dxe5+
Ke7 41. g6 Ke8 42. Kf3 Ke7 43. Kf4 a6 44. e4 fxe4 45. Kxe4 Ke8 46. R5c3 Ke7 47.
f4 Ke8 48. Rd3 c5 49. bxc5 Rxc5 50. Rxc5 Rxc5 51. Rd6 Ke7 52. Rxa6 b4 53. Ra7+
Kf8 54. a6 b3 55. Rb7 Ra5 56. Rxb3 Rxa6 57. Rb8+ 1-0

[Event "36 Open Internacional Ciudad de San Seba"]
[Site "Donostia-San Sebastian"]
[Date "2013.03.24"]
[Round "3"]
[White "Velten, Paul"]
[Black "Alonso Rosell, Alvar"]
[Result "1-0"]
[WhiteElo "2385"]
[BlackElo "2552"]
[PlyCount "93"]
[EventDate "2013.03.23"]
[EventRounds "9"]
[EventCountry "ESP"]

1. d4 d5 2. g3 c6 3. Bg2 Nf6 4. Nf3 Bf5 5. O-O e6 6. c4 Nbd7 7. cxd5 exd5 8.
Nh4 Be6 9. f4 Nb6 10. f5 Bd7 11. Qd3 Be7 12. Nf3 O-O 13. Nc3 Bd6 14. Bg5 Re8
15. g4 c5 16. Kh1 Bc6 17. dxc5 Bxc5 18. Nd4 h6 19. Bh4 Nc4 20. Nxc6 bxc6 21. e4
Ne5 22. Qh3 d4 23. Na4 Be7 24. g5 hxg5 25. Bxg5 Nfg4 26. Bxe7 Qxe7 27. Rf4 Nh6
28. Rg1 Qf6 29. Bf1 Rad8 30. Nc5 Kh7 31. Bd3 Rd6 32. b4 Kg8 33. Qg3 Kf8 34.
Ne6+ Ke7 35. Ng5 Rh8 36. Rh4 Kd7 37. Rd1 Kc7 38. a4 Kb7 39. Rh3 Rd7 40. Qf4 Re8
41. Rg3 Qd6 42. Bf1 Ng8 43. b5 c5 44. a5 Nf6 45. Qh4 c4 46. b6 a6 47. Nf3 1-0

[Event "36 Open Internacional Ciudad de San Seba"]
[Site "Donostia-San Sebastian"]
[Date "2013.03.24"]
[Round "3"]
[White "Narciso Dublan, Marc"]
[Black "Gagarin, Vasilij"]
[Result "1/2-1/2"]
[WhiteElo "2551"]
[BlackElo "2321"]
[PlyCount "114"]
[EventDate "2013.03.23"]
[EventRounds "9"]
[EventCountry "ESP"]

1. d4 d5 2. c4 c6 3. Nf3 Nf6 4. e3 Bg4 5. Qb3 Qb6 6. Ne5 Bf5 7. cxd5 Nxd5 8.
Bc4 f6 9. Nf3 Qxb3 10. Bxb3 Nd7 11. Nc3 Nxc3 12. bxc3 e5 13. Bb2 a5 14. a4 exd4
15. exd4 O-O-O 16. O-O Nb6 17. Rfe1 Nd5 18. Nd2 Bd6 19. Ne4 Bc7 20. Ng3 Bg6 21.
Bd1 h5 22. Bf3 Nf4 23. Be4 Bxe4 24. Rxe4 g6 25. Bc1 Nd5 26. Bd2 Rhe8 27. f3 f5
28. Rxe8 Rxe8 29. Kf2 Bf4 30. Be1 Be3+ 31. Kf1 Nb6 32. Ne2 Nc4 33. Bf2 Kc7 34.
Bxe3 Rxe3 35. h4 b5 36. d5 b4 37. cxb4 axb4 38. Nd4 b3 39. Kf2 b2 40. Rb1 cxd5
41. Rxb2 Nxb2 42. Kxe3 Nxa4 43. Kf4 Kd6 44. Kg5 Ke5 45. Nc6+ Kd6 46. Nd4 Ke5
47. Nc6+ Kd6 48. Nb4 Nc5 49. Kxg6 Ke5 50. Kxh5 d4 51. Kg6 d3 52. Nxd3+ Nxd3 53.
g3 f4 54. gxf4+ Nxf4+ 55. Kg5 Ne6+ 56. Kg6 Nf4+ 57. Kg5 Ne6+ 1/2-1/2

[Event "36 Open Internacional Ciudad de San Seba"]
[Site "Donostia-San Sebastian"]
[Date "2013.03.24"]
[Round "3"]
[White "Andres Gonzalez, Ivan"]
[Black "Alsina Leal, Daniel"]
[Result "0-1"]
[WhiteElo "2331"]
[BlackElo "2518"]
[PlyCount "92"]
[EventDate "2013.03.23"]
[EventRounds "9"]
[EventCountry "ESP"]

1. d4 Nf6 2. Nf3 g6 3. Nbd2 d5 4. e3 Bg7 5. b4 b6 6. Bb2 O-O 7. Be2 c5 8. bxc5
bxc5 9. dxc5 Na6 10. O-O Nxc5 11. c4 dxc4 12. Nxc4 Ba6 13. Nd4 Nfe4 14. f3 Nd6
15. Nc6 Nxc4 16. Nxd8 Nxb2 17. Qc2 Bxe2 18. Qxe2 Rfxd8 19. Rac1 Nbd3 20. Rc4
Rd5 21. Qc2 Rad8 22. Rb1 e6 23. h3 Bf8 24. Qc3 h5 25. Qa5 a6 26. Qc7 R5d7 27.
Qa5 e5 28. Kf1 Rd5 29. Qc7 Ne6 30. Qa7 Bc5 31. Qxa6 Bxe3 32. Rc8 Ndc5 33. Rxd8+
Rxd8 34. Qe2 Bd4 35. Qc4 Nf4 36. Qb5 Nd5 37. Qa5 Ne6 38. g3 h4 39. Kg2 Ne3+ 40.
Kh2 Rc8 41. gxh4 Rc2+ 42. Kh1 Nf5 43. Qe1 Nf4 44. Rd1 Nh5 45. Rxd4 Nhg3+ 46.
Kg1 Nxd4 0-1

[Event "36 Open Internacional Ciudad de San Seba"]
[Site "Donostia-San Sebastian"]
[Date "2013.03.24"]
[Round "3"]
[White "Vocaturo, Daniele"]
[Black "Aranaz Murillo, Amalia"]
[Result "1-0"]
[WhiteElo "2511"]
[BlackElo "2275"]
[PlyCount "51"]
[EventDate "2013.03.23"]
[EventRounds "9"]
[EventCountry "ESP"]

1. e4 e6 2. d4 d5 3. Nc3 Nf6 4. e5 Nfd7 5. f4 c5 6. Nf3 Nc6 7. Be3 cxd4 8. Nxd4
Bc5 9. Qd2 O-O 10. O-O-O a6 11. Nb3 Bb4 12. Bd3 b5 13. g4 Na5 14. Nxa5 Qxa5 15.
Bd4 Nc5 16. Qe3 Nxd3+ 17. Rxd3 Bxc3 18. Rxc3 b4 19. Rc5 Qd8 20. h4 Bb7 21. f5
exf5 22. gxf5 Rc8 23. f6 gxf6 24. Qh6 Kh8 25. Rxc8 Bxc8 26. Bb6 1-0

[Event "36 Open Internacional Ciudad de San Seba"]
[Site "Donostia-San Sebastian"]
[Date "2013.03.24"]
[Round "3"]
[White "Gonzalez Perez, Arian"]
[Black "Rebole Arbea, Jose Ignacio"]
[Result "1-0"]
[WhiteElo "2454"]
[BlackElo "2183"]
[PlyCount "81"]
[EventDate "2013.03.23"]
[EventRounds "9"]
[EventCountry "ESP"]

1. d4 f5 2. Bg5 g6 3. Nc3 Nh6 4. f3 Nf7 5. Bh4 Bg7 6. e4 c5 7. dxc5 Qa5 8. Qd2
Bxc3 9. Qxc3 Qxc3+ 10. bxc3 fxe4 11. fxe4 Nc6 12. Nf3 Nce5 13. Nd4 g5 14. Bg3
b6 15. cxb6 axb6 16. Bb5 Ra3 17. Kd2 Bb7 18. Rhb1 O-O 19. Bd3 Rfa8 20. Rxb6
Bxe4 21. Bxe4 Nc4+ 22. Kd3 Nxb6 23. Bxa8 Rxa8 24. Rb1 Na4 25. Nf5 Kf8 26. Rb8+
Rxb8 27. Bxb8 d6 28. Bc7 Nb2+ 29. Kd4 Na4 30. Kc4 Nc5 31. Bb6 Ne5+ 32. Kb5 Ne4
33. Bd4 e6 34. Ng3 Nxg3 35. hxg3 Ng4 36. a4 Ke7 37. Kc6 e5 38. Bb6 e4 39. a5
Ke6 40. a6 Ne5+ 41. Kb5 1-0

[Event "36 Open Internacional Ciudad de San Seba"]
[Site "Donostia-San Sebastian"]
[Date "2013.03.24"]
[Round "3"]
[White "Argandona Riveiro, Inigo"]
[Black "Osmolny, Vladimir I"]
[Result "1/2-1/2"]
[WhiteElo "2421"]
[BlackElo "2180"]
[PlyCount "99"]
[EventDate "2013.03.23"]
[EventRounds "9"]
[EventCountry "ESP"]

1. Nf3 d5 2. c4 e6 3. g3 Nf6 4. Bg2 Be7 5. O-O O-O 6. d4 dxc4 7. Qc2 a6 8. a4
Nc6 9. Qxc4 Bd7 10. Nbd2 Nb4 11. Qb3 Bc6 12. Re1 Ne4 13. Nf1 Bd5 14. Qd1 Nf6
15. Bg5 c5 16. Bxf6 gxf6 17. e4 Bc6 18. d5 exd5 19. exd5 Bxd5 20. Ne3 Be6 21.
Nh4 Qxd1 22. Raxd1 Rab8 23. Nd5 Nxd5 24. Bxd5 Rfd8 25. Bxe6 Rxd1 26. Bxf7+ Kxf7
27. Rxd1 Rd8 28. Rxd8 Bxd8 29. b3 Ke6 30. Kf1 Ke5 31. Ke2 Kd4 32. Kd2 Ba5+ 33.
Kc2 Ke4 34. Ng2 Kf3 35. Ne3 Be1 36. Nd5 f5 37. Ne7 f4 38. Nd5 fxg3 39. fxg3 Bf2
40. Nf6 h6 41. Kd3 b5 42. axb5 axb5 43. Ng8 Be3 44. Ne7 h5 45. Nf5 Bg1 46. h3
Bh2 47. g4 hxg4 48. hxg4 Kxg4 49. Ne3+ Kf3 50. Nc2 {Ke4+ [%clk 0:05:17] Kxe4}
1/2-1/2

[Event "36 Open Internacional Ciudad de San Seba"]
[Site "Donostia-San Sebastian"]
[Date "2013.03.24"]
[Round "3"]
[White "Bas Mas, Jose Joaquin"]
[Black "Pogorelov, Ruslan"]
[Result "1/2-1/2"]
[WhiteElo "2258"]
[BlackElo "2403"]
[PlyCount "113"]
[EventDate "2013.03.23"]
[EventRounds "9"]
[EventCountry "ESP"]

1. e4 c6 2. d4 d5 3. exd5 cxd5 4. c4 Nf6 5. Nc3 e6 6. Nf3 Bb4 7. cxd5 Nxd5 8.
Bd2 O-O 9. Bd3 Nf6 10. O-O Nc6 11. Bg5 Be7 12. Rc1 Nb4 13. Bb1 b6 14. a3 Nbd5
15. Nxd5 Nxd5 16. Qd3 g6 17. Bh6 Re8 18. Ne5 Bb7 19. Qh3 Bf6 20. Rfe1 Qe7 21.
Re4 Bg5 22. Rce1 Bxh6 23. Qxh6 Qf8 24. Qh4 Qg7 25. Qg3 Rad8 26. R4e2 Ne7 27.
Rd2 Nf5 28. Bxf5 gxf5 29. f4 Qxg3 30. hxg3 f6 31. Nc4 Kf7 32. Kf2 Rd7 33. Red1
h5 34. Ne3 Red8 35. b4 Be4 36. Nc4 Rc7 37. Ne3 Rc3 38. Ra1 Rd3 39. Rxd3 Bxd3
40. Rc1 Rd7 41. Nd1 Be4 42. Nc3 Rxd4 43. Nxe4 fxe4 44. Rc7+ Kg6 45. Rxa7 Rd3
46. a4 Rb3 47. b5 Kf5 48. Ra6 Ra3 49. Rxb6 Rxa4 50. Rb8 Ra2+ 51. Kf1 h4 52.
gxh4 Kxf4 53. Rb6 Ra1+ 54. Ke2 Ra2+ 55. Kf1 Ra1+ 56. Ke2 Ra2+ 57. Kf1 1/2-1/2

[Event "36 Open Internacional Ciudad de San Seba"]
[Site "Donostia-San Sebastian"]
[Date "2013.03.24"]
[Round "3"]
[White "Guerra Bastida, Diego"]
[Black "Nogues Fernandez, Ramon"]
[Result "1-0"]
[WhiteElo "2401"]
[BlackElo "1902"]
[PlyCount "67"]
[EventDate "2013.03.23"]
[EventRounds "9"]
[EventCountry "ESP"]

1. e4 e5 2. Nf3 Nc6 3. Nc3 Nf6 4. Bb5 Nd4 5. Ba4 c6 6. Nxe5 d6 7. Nf3 Bg4 8. d3
b5 9. Bb3 Qe7 10. Be3 Nxf3+ 11. gxf3 Bh3 12. Rg1 g6 13. Qd2 Bg7 14. Bh6 O-O 15.
Bxg7 Kxg7 16. Ne2 a5 17. a4 b4 18. O-O-O Nd7 19. d4 Nb6 20. Nf4 Bd7 21. h4 c5
22. dxc5 dxc5 23. Qd6 Qxd6 24. Rxd6 Rfb8 25. Nd5 Nxd5 26. Rxd5 c4 27. Rxd7 cxb3
28. cxb3 Rc8+ 29. Kd2 Rc5 30. Rg5 Rc6 31. Rd4 Kf6 32. Rc4 Rd6+ 33. Ke2 Rad8 34.
e5+ {Ra8} 1-0

[Event "36 Open Internacional Ciudad de San Seba"]
[Site "Donostia-San Sebastian"]
[Date "2013.03.24"]
[Round "3"]
[White "Alvarado Fernandez, Mikel"]
[Black "Andres Gonzalez, Alberto"]
[Result "0-1"]
[WhiteElo "2037"]
[BlackElo "2542"]
[PlyCount "74"]
[EventDate "2013.03.23"]
[EventRounds "9"]
[EventCountry "ESP"]

1. d4 d5 2. Bg5 c5 3. Nc3 Nc6 4. Nf3 f6 5. Bc1 Bg4 6. e3 cxd4 7. exd4 e6 8. Be2
Bb4 9. O-O Nge7 10. a3 Ba5 11. b4 Bb6 12. Be3 Nf5 13. Bb5 Bxf3 14. gxf3 Rc8 15.
Re1 Kf7 16. Ne2 a6 17. Ba4 Qd6 18. c3 Bc7 19. Bf4 Qd7 20. Bxc7 Qxc7 21. Ng3
Nce7 22. Rc1 Nh4 23. Qe2 Qd6 24. Qe3 Neg6 25. Nh5 Rc7 26. Bc2 Rhc8 27. Kh1 Nf8
28. f4 Rxc3 29. Bg6+ hxg6 30. Rxc3 Rxc3 31. Qxc3 gxh5 32. Rc1 Nd7 33. Qc8 Ke7
34. Qg8 Qxf4 35. Qxg7+ Kd6 36. Qg3 Qxg3 37. hxg3 Nf5 0-1

[Event "36 Open Internacional Ciudad de San Seba"]
[Site "Donostia-San Sebastian"]
[Date "2013.03.24"]
[Round "3"]
[White "Oliveira, Maria Ines"]
[Black "Moreno Ruiz, Javier"]
[Result "0-1"]
[WhiteElo "1957"]
[BlackElo "2495"]
[PlyCount "100"]
[EventDate "2013.03.23"]
[EventRounds "9"]
[EventCountry "ESP"]

1. e4 e6 2. d4 d5 3. e5 c5 4. Nf3 cxd4 5. Bd3 Nc6 6. O-O f6 7. Bb5 Bd7 8. Nxd4
fxe5 9. Bxc6 bxc6 10. Qh5+ g6 11. Qxe5 Qf6 12. Bf4 Bg7 13. Qxf6 Nxf6 14. c3 Ne4
15. Nf3 O-O 16. Be5 Bh6 17. Re1 Rf5 18. Na3 Raf8 19. Rad1 Bc8 20. Nc2 Rxf3 21.
gxf3 Nd2 22. Nd4 c5 23. f4 Nc4 24. Ne2 Nxb2 25. Rd2 Nc4 26. Rdd1 Nxe5 27. fxe5
Ba6 28. Kg2 Rb8 29. Ng3 Bf4 30. Kf3 Rf8 31. Kg2 Bc4 32. a3 a5 33. Kg1 a4 34.
Kg2 Rb8 35. Kf3 Bh6 36. Rb1 Rf8+ 37. Kg2 Bd2 38. Red1 Bxc3 39. Rb6 Bb3 40. Rd3
d4 41. Ne4 Bc2 42. Nxc3 Bxd3 43. Nxa4 Be4+ 44. Kf1 c4 45. Nc5 Bf3 46. Nxe6 d3
47. Nxf8 d2 48. Rd6 c3 49. Nd7 c2 50. Nf6+ Kf7 0-1

[Event "36 Open Internacional Ciudad de San Seba"]
[Site "Donostia-San Sebastian"]
[Date "2013.03.24"]
[Round "3"]
[White "Miguelez Garcia, Erlantz"]
[Black "Thomassen, Joachim"]
[Result "0-1"]
[WhiteElo "2033"]
[BlackElo "2394"]
[PlyCount "88"]
[EventDate "2013.03.23"]
[EventRounds "9"]
[EventCountry "ESP"]

1. c4 g6 2. Nc3 Bg7 3. g3 e5 4. Bg2 Nc6 5. d3 d6 6. Rb1 Rb8 7. e3 a6 8. Nge2
Nge7 9. b4 O-O 10. O-O Kh8 11. Bd2 b5 12. Nd5 Nxd5 13. cxd5 Ne7 14. Qc2 Bf5 15.
Rbc1 Rc8 16. Qb3 c5 17. dxc6 Be6 18. Qa3 Qb6 19. d4 exd4 20. Nxd4 Bc4 21. Rfd1
d5 22. Bc3 Rfd8 23. Qb2 Kg8 24. Rd2 Nxc6 25. Nxc6 Bxc3 26. Ne7+ Kf8 27. Nxg6+
hxg6 28. Qxc3 Kg8 29. Qd4 Qd6 30. a3 a5 31. Qb2 Ra8 32. Rcd1 axb4 33. Qxb4 Qe5
34. Qc5 Rac8 35. Qb4 Rd7 36. Rd4 Ra8 37. e4 Rda7 38. exd5 Rxa3 39. d6 Ra1 40.
Qd2 Rxd1+ 41. Qxd1 Rd8 42. d7 Be6 43. Bc6 Qc5 44. Bd5 Rxd7 0-1

[Event "36 Open Internacional Ciudad de San Seba"]
[Site "Donostia-San Sebastian"]
[Date "2013.03.24"]
[Round "3"]
[White "Diaz Herrero, Alvaro"]
[Black "Ferreruela Romero, Jose Joaqui"]
[Result "1-0"]
[WhiteElo "2160"]
[BlackElo "2022"]
[PlyCount "55"]
[EventDate "2013.03.23"]
[EventRounds "9"]
[EventCountry "ESP"]

1. e4 c6 2. d4 d5 3. Nd2 dxe4 4. Nxe4 Nd7 5. Ng5 Ngf6 6. Bd3 e6 7. Qe2 Bd6 8.
N1f3 h6 9. Ne4 Nxe4 10. Qxe4 Qc7 11. Qg4 Kf8 12. O-O b6 13. b3 Nf6 14. Qh4 Bb7
15. Bb2 a5 16. a3 Rd8 17. Rfe1 Be7 18. Qh3 Nd5 19. g3 Nf6 20. Ne5 c5 21. Rad1
cxd4 22. Bg6 fxg6 23. Qxe6 Qxe5 24. Qxe5 Bd6 25. Qxd4 Bc7 26. Qxd8+ Bxd8 27.
Rxd8+ Kf7 28. Bxf6 1-0

[Event "36 Open Internacional Ciudad de San Seba"]
[Site "Donostia-San Sebastian"]
[Date "2013.03.24"]
[Round "3"]
[White "Ruiz Escobar, Rafael"]
[Black "Guijarro Galan, Jose Luis"]
[Result "0-1"]
[WhiteElo "1932"]
[BlackElo "2154"]
[PlyCount "156"]
[EventDate "2013.03.23"]
[EventRounds "9"]
[EventCountry "ESP"]

1. d4 d5 2. c4 e6 3. Nc3 c6 4. cxd5 exd5 5. Nf3 Nf6 6. Bg5 Be7 7. Qc2 O-O 8. e3
Ne4 9. Bxe7 Qxe7 10. Bd3 f5 11. O-O Be6 12. Ne5 Nd7 13. f4 Nxe5 14. fxe5 Qg5
15. Rae1 Nxc3 16. bxc3 c5 17. Qf2 c4 18. Be2 Qe7 19. Rb1 Rab8 20. Qe1 b5 21.
Qc1 a5 22. Bd1 b4 23. Bc2 g6 24. Qd2 Rb6 25. Rb2 Rfb8 26. Rfb1 Qb7 27. Qe1 Qe7
28. Ba4 b3 29. axb3 Qa3 30. Qc1 cxb3 31. Ra1 Qe7 32. Rab1 Qa3 33. Ra1 Qe7 34.
Qd1 Qc7 35. Qd2 Qc4 36. Ra3 Kf7 37. h3 g5 38. Qe1 h5 39. g4 hxg4 40. hxg4 Kg6
41. Ra1 fxg4 42. Rf2 Bf5 43. Rxf5 b2 44. Rb1 Kxf5 45. Bc2+ Ke6 46. Qf2 Kd7 47.
Qf7+ Kc6 48. e6 Kb5 49. e7 Qxc3 50. e8=Q+ Rxe8 51. Qxe8+ Ka6 52. Qa8+ Kb5 53.
Qxd5+ Ka6 54. Qa8+ Kb5 55. Qe4 Rc6 56. Qd5+ Kb6 57. Qd8+ Kb7 58. Qd7+ Kb6 59.
Qd8+ Kb7 60. Qe7+ Rc7 61. Be4+ Ka7 62. Qxg5 a4 63. Rxb2 Qc1+ 64. Kg2 Qxb2+ 65.
Kg3 Qc3 66. Kxg4 a3 67. Qg8 Qc1 68. Qa8+ Kb6 69. Qb8+ Ka5 70. Qd8 Kb4 71. Qd6+
Kb3 72. Qb6+ Ka2 73. Bd5+ Ka1 74. Qb3 Qb2 75. Qd3 a2 76. Qa6 Rc3 77. Kf4 Qf2+
78. Ke5 Qxe3+ {"36 Open Internacional Ciudad de San Sebastian"] [Site
"Donostia-San Sebastian"] [Date "2013. 03. [Round "3"] [Board "16"] [White
"Silva Rodriguez, Julio"] [Black "Segovia Sanchez, Antonio"] [Result "1-0"]
[WhiteElo "2141"] [BlackElo "2018"] [PlyCount "0"] [EventDate
"2013. 03. [EventRounds "9"] [EventCountry "ESP"] e4 [%clk 1:30:57] g6 [%clk 1:
25:31] d4 [%clk 1:31:19] Bg7 [%clk 1:25:58] Nf3 [%clk 1:31:35] d6 [%clk 1:25:
55] Be2 [%clk 1:31:36] c6 [%clk 1:25:36] O-O [%clk 1:30:41] Bg4 [%clk 1:24:48]
h3 [%clk 1:28:50] Bxf3 [%clk 1:25:05] Bxf3 [%clk 1:29:11] Nd7 [%clk 1:25:28]
a4 [%clk 1:25:29] e5 [%clk 1:15:00] d5 [%clk 1:24:44] c5 [%clk 1:14:02] Na3
[%clk 1:20:46] Nh6 [%clk 1:09:32] Nb5 [%clk 1:18:17] Qb8 [%clk 1:02:29] Bg5
[%clk 1:14:47] f6 [%clk 1:02:09] Bxh6 [%clk 1:14:43] Bxh6 [%clk 1:02:27] Bg4
[%clk 1:15:06] Nf8 [%clk 0:54:31] Qf3 [%clk 1:11:17] Qd8 [%clk 0:40:32] Rfb1
[%clk 1:07:30] Bg5 [%clk 0:33:44] b4 [%clk 0:55:13] h5 [%clk 0:29:49] Be6
[%clk 0:55:19] b6 [%clk 0:15:13] bxc5 [%clk 0:53:52] bxc5 [%clk 0:15:30] Nc3
[%clk 0:53:42] Rh7 [%clk 0:15:00] h4 [%clk 0:51:04] Bxh4 [%clk 0:12:51] Qh3
[%clk 0:51:27] Bg5 [%clk 0:12:01] Rb3 [%clk 0:51:22] Rb8 [%clk 0:03:44] Rab1
[%clk 0:48:36] Rb6 [%clk 0:03:24] Nb5 [%clk 0:46:53] Nd7 [%clk 0:00:35] a5
[%clk 0:45:58] Ra6 [%clk 0:00:35] Bxd7+ [%clk 0:45:10] Rxd7 [%clk 0:00:38]
Nxa7 [%clk 0:43:52] Kf7 [%clk 0:00:35] Nc6 [%clk 0:40:11] Qc7 [%clk 0:00:40]
Nb8 [%clk 0:40:12] Ra7 [%clk 0:00:45] Nxd7 [%clk 0:40:27] Qxd7 [%clk 0:01:10]
Qxd7+ [%clk 0:40:45] Rxd7 [%clk 0:01:37] Rb7 [%clk 0:41:09] Ke7 [%clk 0:02:02]
a6 [%clk 0:41:34]} 0-1

[Event "36 Open Internacional Ciudad de San Seba"]
[Site "Donostia-San Sebastian"]
[Date "2013.03.24"]
[Round "3"]
[White "Martikorena Endara, Patxi"]
[Black "Lakunza Oyarbide, Juan Carlos"]
[Result "0-1"]
[WhiteElo "1635"]
[BlackElo "2116"]
[PlyCount "54"]
[EventDate "2013.03.23"]
[EventRounds "9"]
[EventCountry "ESP"]

1. e4 e5 2. Nf3 Nc6 3. Bb5 a6 4. Ba4 Nf6 5. O-O Be7 6. Re1 b5 7. Bb3 d6 8. h3
O-O 9. d4 Nxd4 10. Nxd4 exd4 11. a4 Bb7 12. Qxd4 c5 13. Qe3 Nxe4 14. axb5 axb5
15. Rxa8 Bxa8 16. c4 Bg5 17. Qd3 Bxc1 18. Rxc1 Qg5 19. Qe3 Qxe3 20. fxe3 Rb8
21. Rc2 Kf8 22. Na3 bxc4 23. Bxc4 Bc6 24. Bd3 Rb3 25. Bxe4 Bxe4 26. Re2 d5 27.
Kf2 c4 0-1

[Event "36 Open Internacional Ciudad de San Seba"]
[Site "Donostia-San Sebastian"]
[Date "2013.03.24"]
[Round "3"]
[White "Savolainen, Lev P"]
[Black "Tung, Siu Hung"]
[Result "1-0"]
[WhiteElo "2107"]
[BlackElo "1859"]
[PlyCount "49"]
[EventDate "2013.03.23"]
[EventRounds "9"]
[EventCountry "ESP"]

1. d4 d6 2. Nf3 g6 3. h3 Nf6 4. Bf4 Bg7 5. e3 c5 6. c4 O-O 7. Nc3 Na6 8. Be2
cxd4 9. exd4 Qb6 10. Qb3 Qxb3 11. axb3 Bf5 12. O-O Nb4 13. Rfd1 Rfc8 14. Ne1
Ne8 15. Bf3 Nc6 16. Be3 b6 17. Nb5 a6 18. Nc3 Rab8 19. g4 Bd7 20. Rxa6 Na5 21.
Nd5 Bf8 22. Nxb6 Nc7 23. Nxd7 Nxa6 24. Ra1 Nxc4 25. bxc4 1-0

[Event "36 Open Internacional Ciudad de San Seba"]
[Site "Donostia-San Sebastian"]
[Date "2013.03.24"]
[Round "3"]
[White "Gonzalez Pereira, Asier"]
[Black "Berdote Alonso, Carlos"]
[Result "1-0"]
[WhiteElo "2053"]
[BlackElo "1782"]
[PlyCount "85"]
[EventDate "2013.03.23"]
[EventRounds "9"]
[EventCountry "ESP"]

1. e4 e5 2. Nf3 Nc6 3. Bb5 a6 4. Ba4 Nf6 5. Qe2 b5 6. Bb3 Be7 7. c3 d6 8. O-O
Bg4 9. d3 O-O 10. Rd1 Na5 11. Bc2 c5 12. Nbd2 Qd7 13. h3 Bh5 14. Nf1 Rad8 15.
Ne3 Bg6 16. g4 Nc6 17. Nf5 h5 18. g5 Nh7 19. Kh2 Rfe8 20. N3h4 Rb8 21. Bb3 Bxf5
22. Nxf5 g6 23. Nh6+ Kg7 24. h4 Nd8 25. f4 exf4 26. Bxf4 Ne6 27. Rf1 Rf8 28.
Qg2 Rbc8 29. Bd5 c4 30. d4 b4 31. Qh3 bxc3 32. bxc3 Qa4 33. Nxf7 Qc2+ 34. Qg2
Qxg2+ 35. Kxg2 Nxf4+ 36. Rxf4 Rb8 37. Raf1 Rb2+ 38. R4f2 Rb6 39. Nh6 Rxf2+ 40.
Rxf2 Bf8 41. Bg8 Rb7 42. Bxh7 Kxh7 43. Rxf8 1-0

[Event "36 Open Internacional Ciudad de San Seba"]
[Site "Donostia-San Sebastian"]
[Date "2013.03.24"]
[Round "3"]
[White "Prieto Martin, Alfonso"]
[Black "Arabiotorre Arbulu, Aitor"]
[Result "1-0"]
[WhiteElo "2181"]
[BlackElo "1896"]
[PlyCount "41"]
[EventDate "2013.03.23"]
[EventRounds "9"]
[EventCountry "ESP"]

1. e4 e5 2. Nf3 Nc6 3. d4 exd4 4. Nxd4 Bc5 5. Nb3 Bb6 6. Nc3 a6 7. Nd5 Ba7 8.
Qg4 g6 9. Bg5 f6 10. Qf4 Kf7 11. Bc4 Kg7 12. Nxf6 Qf8 13. Nxg8 Qxf4 14. Bxf4
Rxg8 15. Bxg8 Kxg8 16. Bxc7 Nb4 17. Kd2 d5 18. a3 Nxc2 19. Kxc2 Be6 20. exd5
Bxd5 21. Rhd1 1-0